Restoration ecology : (Registro nro. 5031)

Detalles MARC
000 -CABECERA
Campo de control 00942cam a2200253 a 4500
005 - FECHA Y HORA DE LA ULTIMA TRANSACCION
Campo de control 20180803165237.0
008 - ELEMENTOS DE LONGITUD FIJA—INFORMACION GENERAL
Campo de control 861222s1987 enka b 001 0 eng
020 ## - ISBN
ISBN 0521331102
040 ## - FUENTE DE CATALOGACIÓN
Agencia catalogadora original DLC
Agencia transcriptora DLC
Agencia Modificadora DLC
-- CO-BoIAVH
041 0# - IDIOMA
Código de idioma para texto/pista de sonido o título separado Inglés
044 ## - PAÍS DE PUBLICACIÓN
País de publicación Inglaterra
082 04 - NUMERO DE CLASIFICACION DECIMAL DEWEY
Número de clasificación 333.9516
Número del ítem J82r
245 00 - MENCION DE TITULO
Título Restoration ecology :
Parte restante del título a synthetic approach to ecological research /
Mención de responsabilidad editado por William R. Jordan III, Michael E. Gilpin, John D. Aber.
260 ## - PUBLICACION, DISTRIBUCION, ETC. (PIE DE IMPRENTA)
Lugar de publicación, distribución, etc. Cambridge [Cambridgeshire] ;
-- New York :
Nombre del editor, distribuidor, etc. Cambridge University Press,
Fecha de publicación, distribución, etc. 1987.
300 ## - DESCRIPCION FISICA
Extensión viii, 342 páginas :
Otros detalles físicos ilustraciones ;
Dimensiones 23 cm.
504 ## - NOTA DE BIBLIOGRAFIA, ETC.
Nota de bibliografía Incluye bibliografías e índices.
650 #0 - ASIENTO SECUNDARIO DE MATERIA - TERMINO TEMATICO
Término temático o nombre geográfico como elemento de entrada Restauración ecológica.
9 (RLIN) 92279
650 #0 - ASIENTO SECUNDARIO DE MATERIA - TERMINO TEMATICO
Término temático o nombre geográfico como elemento de entrada Recuperación de tierras.
9 (RLIN) 44237
650 #0 - ASIENTO SECUNDARIO DE MATERIA - TERMINO TEMATICO
Término temático o nombre geográfico como elemento de entrada Conservación Natural.
9 (RLIN) 44238
700 1# - ASIENTO SECUNDARIO - NOMBRE PERSONAL
Nombre personal Jordan, William R.,
Fechas asociadas con el nombre 1944-
9 (RLIN) 44239
700 1# - ASIENTO SECUNDARIO - NOMBRE PERSONAL
Nombre personal Gilpin, Michael E.,
Fechas asociadas con el nombre 1943-
9 (RLIN) 44240
700 1# - ASIENTO SECUNDARIO - NOMBRE PERSONAL
Nombre personal Aber, John D.
9 (RLIN) 44241
942 ## - ELEMENTOS ADICIONALES (KOHA)
Sistema de clasificación Dewey Decimal Classification
Tipo de ítem Libro
Existencias
Withdrawn status Lost status Sistema de Clasificación Damaged status No para préstamo Colección Inventariado Ubicación Permanente Ubicación actual Fecha de adquisición Fuente de Valor Total Checkouts Número topográfico Inventario / Código de Barras Date last seen Ejemplar Price effective from Forma de adquisición Tipo de material
    Dewey Decimal Classification     General Inventariado 2017 Bogotá Bogotá 28/12/2005 Amazon   LB-333.9516 J82r 022704 04/12/2012 Ej. 1 04/12/2012 Compra Libro